Régimen legal del nuevo sistema de pensiones

Saved in:
Bibliografiske detaljer
Hovedforfatter: Arthur Errázuriz, Guillermo (Author)
Format: Bog
Sprog:spansk
Udgivet: Santiago Jurídica de Chile 1998
Fag:
Tags: Tilføj Tag
Ingen Tags, Vær først til at tagge denne postø!

MARC

LEADER 00000nam a2200000 a 4500
001 UCR9107
003 CL-VaPUC
008 980613e19980000CL |||||||||||||||||spa|d
082 0 4 |a 331.252  |b ART  |2 21 
100 0 |a Arthur Errázuriz, Guillermo  |e author  |9 411311 
245 1 0 |a Régimen legal del nuevo sistema de pensiones 
300 |a 370 p 
942 |c BK 
945 |d 19980613 00:00:00  |a aalvarez 
260 |a Santiago  |b Jurídica de Chile  |c 1998 
650 7 |a PREVISION SOCIAL  |2 CL-VaPUC  |9 327977 
650 0 |a Administradoras de Fondos de Pensiones (AFP)  |9 255319 
650 7 |a REGIMEN LEGAL  |2 CL-VaPUC  |9 388044 
583 |a last modification  |c 20170509 05:20:04  |k Rodrigo Vera 
999 |c 270341  |d 270339 
952 |0 0  |1 0  |4 0  |6 331_252000000000000_ART_1998  |7 0  |8 A  |9 304589  |a BIBDER  |b BIBDER  |d 2019-11-20  |i 3436756  |o 331.252 ART 1998  |p 3436756  |r 2019-11-20  |w 2019-11-20  |y BK  |k DER 
952 |0 0  |1 0  |4 0  |6 331_252000000000000_ART_1998  |7 0  |8 A  |9 304591  |a BIBDER  |b BIBDER  |d 2019-11-20  |i 3789373  |o 331.252 ART 1998  |p 3789373  |r 2023-01-25  |w 2019-11-20  |y BK  |k DER